[Event "36th Reykjavik op"]
[Site "Reykjavik ISL"]
[Date "2023.04.01"]
[Round "5.152"]
[White "Sigurthorsson, Kristinn J"]
[Black "Hafthorsson, Jon Ulfur"]
[WhiteElo "1808"]
[BlackElo "1434"]
[Result "1-0"]
[EventDate "2023.03.29"]
[PlyCount "49"]

1. e4 e5 2. Bc4 Nc6 3. Nf3 Bc5 4. O-O Nf6 5. c3 O-O 6. d4 exd4 7. cxd4 Bb4 8. a3
Ba5 9. d5 Ne7 10. e5 Ne8 11. d6 cxd6 12. exd6 Nf5 13. Bg5 Nf6 14. Qd3 g6 15. b4 Bb6
16. g4 Ng7 17. Qc3 Nge8 18. Re1 Kg7 19. Re7 h6 20. Bxf6+ Nxf6 21. Nbd2 Bxf2+ 22.
Kg2 b5 23. Bd5 Rb8 24. Ne4 Bb6 25. Nxf6  1-0

[Event "36th Reykjavik op"]
[Site "Reykjavik ISL"]
[Date "2023.04.01"]
[Round "5.153"]
[White "Grose, Kameron"]
[Black "Haberecht, Paul"]
[WhiteElo "1800"]
[BlackElo "1412"]
[Result "0-1"]
[EventDate "2023.03.29"]
[PlyCount "160"]

1. e4 c5 2. Nf3 g6 3. c3 d5 4. exd5 Qxd5 5. d4 Bg7 6. Nbd2 cxd4 7. Bc4 Qd8 8. Nxd4
Nf6 9. N2f3 O-O 10. O-O b6 11. Re1 Bb7 12. Qe2 e6 13. Bf4 Nc6 14. Rad1 Nxd4 15. Nxd4
Qc8 16. f3 a6 17. Bb3 Qc5 18. Be3 Qc7 19. Bf2 Rfe8 20. Bg3 Qc5 21. Qc4 Qxc4 22. Bxc4
b5 23. Bb3 Bd5 24. Be5 Rad8 25. Ne2 Rd7 26. Nf4 Red8 27. Nxd5 Nxd5 28. Kf2 Nb6 29.
Bxg7 Kxg7 30. Rxd7 Rxd7 31. f4 Rd2+ 32. Re2 Rxe2+ 33. Kxe2 Kf6 34. Kf3 Nd7 35. Bc2
e5 36. g4 exf4 37. Kxf4 g5+ 38. Kg3 h6 39. a4 Nc5 40. axb5 axb5 41. Kf3 Ke5 42. h3
f6 43. Ke3 Kd5 44. b3 Ke5 45. Kf3 Kd5 46. Ke3 Ke5 47. Kf3 Kd5 48. Bd1 Ke5 49. Be2
Nxb3 50. Bxb5 Kd5 51. Ke3 Nc5 52. c4+ Ke5 53. Bc6 Kd6 54. Be4 Ke5 55. Bf5 Na6 56.
Kf3 Kd4 57. Be6 Nc5 58. Bd5 Nd3 59. Kg3 Ne5 60. h4 Nxc4 61. hxg5 hxg5 62. Be6 Ne5
63. Bf5 Ke3 64. Bc8 Nf3 65. Be6 Nd4 66. Bc8 Ne2+ 67. Kg2 Kf4 68. Kf2 Nc3 69. Kg1
Kg3 70. Kf1 Ne4 71. Ke2 Nf2 72. Ke3 Nxg4+ 73. Ke4 Nh6 74. Bd7 f5+ 75. Ke3 f4+ 76.
Ke2 Nf7 77. Kf1 Ne5 78. Bc8 g4 79. Bb7 Kh2 80. Kf2 g3+  0-1

[Event "36th Reykjavik op"]
[Site "Reykjavik ISL"]
[Date "2023.04.01"]
[Round "5.154"]
[White "Surace, Christopher"]
[Black "Kristinsson, Magnus"]
[WhiteElo "1413"]
[BlackElo "1756"]
[Result "0-1"]
[EventDate "2023.03.29"]
[PlyCount "52"]

1. c4 Nf6 2. g3 e5 3. Bg2 d5 4. cxd5 Nxd5 5. Nc3 Be6 6. Nf3 Nc6 7. d3 f6 8. O-O Qd7
9. a3 Be7 10. Qc2 O-O 11. b4 Rad8 12. Ne4 b6 13. b5 Na5 14. a4 c5 15. Bd2 Nb4 16.
Bxb4 cxb4 17. Ned2 Rc8 18. Qb2 Rc3 19. Rac1 Rfc8 20. Qa1 R8c7 21. Rxc3 Rxc3 22. Rc1
Qc7 23. Rb1 Ra3 24. Qb2 Rc3 25. Kf1 Rc2 26. Qa1 Ra2  0-1

[Event "36th Reykjavik op"]
[Site "Reykjavik ISL"]
[Date "2023.04.01"]
[Round "5.155"]
[White "Beuger, Ronald"]
[Black "Abmayr, Annika"]
[WhiteElo "1754"]
[BlackElo "1054"]
[Result "0-1"]
[EventDate "2023.03.29"]
[PlyCount "92"]

1. Nf3 Nf6 2. g3 d5 3. Bg2 Bg4 4. c4 c6 5. b3 Na6 6. Bb2 Bxf3 7. Bxf3 Nc5 8. d3 Ne6
9. Nd2 g6 10. Rc1 Bg7 11. Bg2 O-O 12. O-O Re8 13. e3 Qd7 14. Qe2 Rad8 15. d4 h5 16.
Nf3 Ng4 17. Rfd1 Nc7 18. h3 Nf6 19. Ne5 Qc8 20. Kh2 Nd7 21. cxd5 cxd5 22. Bxd5 Nxe5
23. dxe5 Qb8 24. Bxf7+ Kxf7 25. Qc4+ Ne6 26. Bd4 Bxe5 27. f4 Bxd4 28. exd4 Rc8 29.
Qd3 Rxc1 30. Rxc1 Ng7 31. Qe4 Nf5 32. g4 hxg4 33. hxg4 Ng7 34. Kg2 Qd6 35. Rf1 Qc6
36. d5 Qd6 37. f5 g5 38. Qd4 Rd8 39. f6 exf6 40. Qxa7 Qxd5+ 41. Rf3 Qe4 42. Kg3 Ne6
43. Qb6 Qe5+ 44. Kg2 Rd2+ 45. Rf2 Nf4+ 46. Kf3 Rd3+  0-1

[Event "36th Reykjavik op"]
[Site "Reykjavik ISL"]
[Date "2023.04.01"]
[Round "5.156"]
[White "Lokeswara, Rao"]
[Black "Opasiak, Dustin Tennessee"]
[WhiteElo "1218"]
[BlackElo "1748"]
[Result "0-1"]
[EventDate "2023.03.29"]
[PlyCount "58"]

1. e4 c6 2. b3 d5 3. exd5 cxd5 4. d4 Nc6 5. Nf3 Nf6 6. h3 e6 7. Bd3 Bb4+ 8. c3 Bd6
9. O-O h6 10. Re1 O-O 11. Nbd2 a6 12. Bb2 b5 13. b4 Qc7 14. Nb3 e5 15. dxe5 Nxe5
16. Nbd4 Nxd3 17. Qxd3 Ne4 18. a4 bxa4 19. Rxa4 Nxf2 20. Kxf2 Bg3+ 21. Kf1 Bxe1 22.
Kxe1 Qg3+ 23. Kf1 Re8 24. Ra1 a5 25. b5 a4 26. Ba3 Re4 27. b6 Ba6 28. Nb5 Rae8 29.
Qxd5 Re2  0-1

[Event "36th Reykjavik op"]
[Site "Reykjavik ISL"]
[Date "2023.04.01"]
[Round "5.163"]
[White "Hagevi, Vidar"]
[Black "Hagen, Andreas Skytte"]
[WhiteElo "2054"]
[BlackElo "1244"]
[Result "1-0"]
[EventDate "2023.03.29"]
[PlyCount "42"]

1. d4 e6 2. c4 Nf6 3. g3 d5 4. Bg2 Bb4+ 5. Bd2 Qe7 6. Nf3 O-O 7. O-O dxc4 8. a3 Bxd2
9. Nbxd2 b5 10. a4 Bb7 11. axb5 Qb4 12. Qa4 Qxa4 13. Rxa4 a6 14. Rfa1 Nbd7 15. bxa6
Bc6 16. Ra5 Nb6 17. Ne5 Bd5 18. e4 Bxe4 19. Nxe4 Nxe4 20. Bxe4 Rad8 21. Nc6 Ra8  1-0

[Event "36th Reykjavik op"]
[Site "Reykjavik ISL"]
[Date "2023.04.01"]
[Round "5.164"]
[White "Rice, Chris"]
[Black "Rusten, Daniel Garatun"]
[WhiteElo "1952"]
[BlackElo "1169"]
[Result "1-0"]
[EventDate "2023.03.29"]
[PlyCount "53"]

1. d4 d5 2. Nf3 Nf6 3. c4 Bf5 4. Qb3 b6 5. e3 dxc4 6. Bxc4 e6 7. Ne5 Nbd7 8. Bb5
Be4 9. O-O a6 10. Bc6 Ra7 11. Bxe4 Nxe5 12. dxe5 Nxe4 13. Qa4+ Qd7 14. Qxe4 Be7 15.
Nc3 O-O 16. Rd1 Qc8 17. b3 c5 18. Bb2 Qc7 19. Rac1 b5 20. Qf4 h6 21. Ne4 Qc6 22.
h3 Rc7 23. Qg4 Kh8 24. Rc2 a5 25. Nd6 Rd7 26. Rcd2 Kg8 27. Ne8  1-0

[Event "36th Reykjavik op"]
[Site "Reykjavik ISL"]
[Date "2023.04.01"]
[Round "5.165"]
[White "Stuart, Brian"]
[Black "B. Berglindardottir, Emilia Embla"]
[WhiteElo "1642"]
[BlackElo "1112"]
[Result "1-0"]
[EventDate "2023.03.29"]
[PlyCount "95"]

1. e4 d6 2. d4 Nf6 3. Nc3 g6 4. Nf3 Bg7 5. Be2 O-O 6. O-O Nc6 7. h3 e5 8. Be3 Bd7
9. Qd2 exd4 10. Nxd4 Nxd4 11. Bxd4 Bc6 12. Bf3 Re8 13. Rfe1 Qd7 14. Rad1 Rad8 15.
Qf4 Qe6 16. Qd2 Qd7 17. Qd3 b6 18. Nd5 Nxd5 19. exd5 Bb5 20. c4 Ba6 21. Bxg7 Kxg7
22. b3 Kg8 23. a4 Bc8 24. Bg4 f5 25. Bf3 Re7 26. Kf1 Rde8 27. Qc3 a6 28. Rxe7 Rxe7
29. Re1 b5 30. a5 Qe8 31. Rxe7 Qxe7 32. Bd1 Bb7 33. Qe1 Qd7 34. Bf3 Bc8 35. g4 fxg4
36. Bxg4 Qd8 37. Bxc8 Qxc8 38. Kg2 Qd8 39. Qe6+ Kg7 40. f4 Qf6 41. Qxf6+ Kxf6 42.
cxb5 axb5 43. a6 c5 44. a7 c4 45. a8=Q Kf5 46. bxc4 bxc4 47. Kf3 c3 48. Qf8#  1-0

[Event "36th Reykjavik op"]
[Site "Reykjavik ISL"]
[Date "2023.04.01"]
[Round "5.166"]
[White "Vidarsson, Kari Steinn"]
[Black "Westerlind, Sture"]
[WhiteElo "1267"]
[BlackElo "1568"]
[Result "0-1"]
[EventDate "2023.03.29"]
[PlyCount "114"]

1. d4 d5 2. c4 e6 3. Nf3 Nf6 4. Nc3 c6 5. Qd3 dxc4 6. Qxc4 Nbd7 7. e4 Qa5 8. Bd3
Qb4 9. Qxb4 Bxb4 10. a3 Be7 11. h3 h6 12. Be3 b6 13. Nd2 Bb7 14. Nc4 O-O 15. e5 Nd5
16. Ne4 Ba6 17. Ke2 Bxc4 18. Bxc4 f6 19. f4 f5 20. Bxd5 exd5 21. Nc3 Rfd8 22. g4
fxg4 23. hxg4 Kf7 24. Rh5 Kg8 25. Rah1 Kf7 26. Bf2 Nf8 27. f5 Bg5 28. Be3 Nh7 29.
Nb1 c5 30. Nd2 Bxe3 31. Kxe3 cxd4+ 32. Kxd4 Rac8 33. Nf3 Rc4+ 34. Kd3 Rxg4 35. Nd4
Rg3+ 36. Ke2 Rc8 37. Kf2 Rg4 38. Nb5 Rc2+ 39. Kf3 Ra4 40. b3 Ra5 41. a4 Ng5+ 42.
Rxg5 hxg5 43. Kg4 Re2 44. Ra1 Rxe5 45. Kxg5 g6 46. b4 Rxf5+ 47. Kg4 Rxb5 48. axb5
d4 49. Rxa7+ Ke6 50. Ra1 Rxb5 51. Kf4 Kd5 52. Rg1 Rxb4 53. Rxg6 Rb3 54. Rg5+ Kc4
55. Rg2 b5 56. Re2 Rc3 57. Rb2 b4  0-1

[Event "36th Reykjavik op"]
[Site "Reykjavik ISL"]
[Date "2023.04.01"]
[Round "5.167"]
[White "Olafsson, Olafur"]
[Black "Grubauer, Gerhard"]
[WhiteElo "1130"]
[BlackElo "1564"]
[Result "1-0"]
[EventDate "2023.03.29"]
[PlyCount "53"]

1. d4 d5 2. c4 c6 3. Nc3 Nf6 4. Nf3 Bf5 5. Bg5 dxc4 6. a4 Nbd7 7. e3 h6 8. Bh4 Be6
9. Nd2 g6 10. Bxc4 Nd5 11. O-O N7b6 12. Nxd5 Nxc4 13. Nxc4 Bxd5 14. Rc1 g5 15. Bg3
f6 16. Qh5+ Kd7 17. Rfe1 Qe8 18. Qe2 h5 19. h3 Be6 20. e4 g4 21. h4 Qf7 22. Ne3 Ke8
23. d5 cxd5 24. Nxd5 Bxd5 25. Qb5+ Bc6 26. Rxc6 Qg6 27. Rxf6+  1-0

[Event "36th Reykjavik op"]
[Site "Reykjavik ISL"]
[Date "2023.04.01"]
[Round "5.168"]
[White "Jonsdottir, Katrin Maria"]
[Black "Kularatnam, Kaushalya"]
[WhiteElo "1071"]
[BlackElo "1563"]
[Result "1-0"]
[EventDate "2023.03.29"]
[PlyCount "73"]

1. e4 c5 2. Nf3 d6 3. d4 cxd4 4. Nxd4 Nf6 5. Bd3 e5 6. Ne2 d5 7. exd5 Qxd5 8. O-O
e4 9. Nf4 Qc6 10. Re1 Bc5 11. Nc3 Bf5 12. Bb5 Bg4 13. Bxc6+ Nxc6 14. Qd2 O-O 15.
Rf1 Rfe8 16. Kh1 e3 17. fxe3 Bxe3 18. Qd3 Rad8 19. Ncd5 Nxd5 20. Nxd5 Nb4 21. Qb3
Nxd5 22. Bxe3 Rxe3 23. Qxb7 Nf6 24. Rae1 Rxe1 25. Rxe1 h6 26. a4 Nd5 27. h3 Bh5 28.
Qxa7 Nf4 29. Qc7 Rd2 30. Qxf4 Rxc2 31. a5 Kh7 32. Ra1 g5 33. Qb4 Bg6 34. a6 Re2 35.
a7 Be4 36. Qxe4+ Rxe4 37. a8=Q  1-0

[Event "36th Reykjavik op"]
[Site "Reykjavik ISL"]
[Date "2023.04.01"]
[Round "5.179"]
[White "Hedman, Viktor Mattias Laroy"]
[Black "Morris, Simon"]
[WhiteElo "1257"]
[BlackElo "1648"]
[Result "0-1"]
[EventDate "2023.03.29"]
[PlyCount "118"]

1. e4 c5 2. Nf3 d6 3. Bb5+ Bd7 4. Bxd7+ Qxd7 5. c4 Nc6 6. O-O Nf6 7. Nc3 g6 8. d4
cxd4 9. Nxd4 Nxd4 10. Qxd4 Bg7 11. Be3 O-O 12. e5 Ng4 13. f4 Nxe3 14. Qxe3 dxe5 15.
fxe5 Qe6 16. Nd5 Rfc8 17. b3 Kf8 18. Rfe1 Rc6 19. Rac1 a6 20. Nf4 Qf5 21. e6 Rd8
22. Kh1 Bd4 23. Qe4 Qxe4 24. Rxe4 g5 25. Nd5 Rxd5 26. Rd1 Rdd6 27. Rexd4 Rxd4 28.
Rxd4 Rxe6 29. h3 Ke8 30. a4 Re1+ 31. Kh2 Rb1 32. Rd3 e5 33. Kg3 h5 34. Kf3 Ke7 35.
g4 h4 36. Ke4 Ke6 37. Rf3 Re1+ 38. Kd3 e4+ 39. Kd2 exf3 40. Kxe1 Ke5 41. Kf2 Kf4
42. b4 Ke4 43. b5 Kd4 44. Kxf3 a5 45. c5 Kxc5 46. Ke4 Kb4 47. Kd5 Kxa4 48. Kc4 b6
49. Kc3 Kxb5 50. Kb3 f6 51. Ka3 a4 52. Ka2 Kc4 53. Ka3 b5 54. Ka2 b4 55. Kb2 Kd3
56. Ka2 Kc2 57. Ka1 Kc1 58. Ka2 b3+ 59. Ka3 b2  0-1

[Event "36th Reykjavik op"]
[Site "Reykjavik ISL"]
[Date "2023.04.01"]
[Round "6.1"]
[White "Gupta, Abhijeet"]
[Black "Yilmaz, Mustafa"]
[WhiteElo "2620"]
[BlackElo "2629"]
[Result "1/2-1/2"]
[EventDate "2023.03.29"]
[PlyCount "41"]

1. d4 Nf6 2. c4 e6 3. Nf3 d5 4. Nc3 Bb4 5. Bg5 h6 6. Bxf6 Qxf6 7. e3 O-O 8. Rc1 dxc4
9. Bxc4 c5 10. O-O cxd4 11. Ne4 Qe7 12. a3 Ba5 13. exd4 Rd8 14. Rc2 Nd7 15. Qe2 Nf6
16. Nc5 Bc7 17. Rfc1 Bf4 18. Re1 Rb8 19. b4 b6 20. Nd3 Bd6 21. Nde5  1/2-1/2

[Event "36th Reykjavik op"]
[Site "Reykjavik ISL"]
[Date "2023.04.01"]
[Round "6.2"]
[White "Lagarde, Maxime"]
[Black "Can, Emre"]
[WhiteElo "2581"]
[BlackElo "2600"]
[Result "1-0"]
[EventDate "2023.03.29"]
[PlyCount "81"]

1. d4 d5 2. c4 e6 3. Nc3 Nf6 4. cxd5 exd5 5. Bg5 Bb4 6. e3 h6 7. Bh4 g5 8. Bg3 h5
9. h3 Nc6 10. Bb5 Ne4 11. Nge2 Nxg3 12. fxg3 a6 13. Ba4 Qf6 14. a3 Bxc3+ 15. Nxc3
Be6 16. Qf3 Qe7 17. O-O-O g4 18. hxg4 Qg5 19. Rd2 hxg4 20. Rxh8+ Ke7 21. Rh5 Qxh5
22. Qf4 Kd8 23. e4 Ne7 24. exd5 Nxd5 25. Nxd5 Qxd5 26. Bc2 Qd6 27. Qf6+ Qe7 28. Qh8+
Qe8 29. Qh4+ Kc8 30. Re2 Qd8 31. d5 Bd7 32. Re7 Kb8 33. Rxf7 Ka7 34. Qh7 Bc8 35.
Be4 Qd6 36. Rxc7 Qxg3 37. Qe7 Qe3+ 38. Kb1 Rb8 39. d6 Qg1+ 40. Rc1 Qd4 41. Rxc8  1-0

[Event "36th Reykjavik op"]
[Site "Reykjavik ISL"]
[Date "2023.04.01"]
[Round "6.3"]
[White "Ivanchuk, Vasyl"]
[Black "Rakotomaharo, Fy Antenaina"]
[WhiteElo "2664"]
[BlackElo "2448"]
[Result "1-0"]
[EventDate "2023.03.29"]
[PlyCount "60"]

1. c4 e6 2. Nc3 d5 3. d4 Bb4 4. e3 Nf6 5. a3 Bxc3+ 6. bxc3 c6 7. a4 Qc7 8. Ba3 b6
9. cxd5 cxd5 10. Rc1 Ba6 11. Bxa6 Nxa6 12. Nf3 Rc8 13. O-O h5 14. Nd2 Ne4 15. Nxe4
dxe4 16. f3 Qb7 17. Qc2 exf3 18. Rxf3 Nb8 19. Rg3 f5 20. e4 h4 21. Rg6 Qxe4 22. Qxe4
fxe4 23. Rxe6+ Kd8 24. Rxe4 Rc4 25. Be7+ Kc8 26. Bxh4 Nd7 27. Bg3 Nc5 28. Re7 Nxa4
29. Rxa7 Rh5 30. Rf1 Rh8  1-0

[Event "36th Reykjavik op"]
[Site "Reykjavik ISL"]
[Date "2023.04.01"]
[Round "6.4"]
[White "Grandelius, Nils"]
[Black "Ioannidis, Evgenios"]
[WhiteElo "2658"]
[BlackElo "2473"]
[Result "1/2-1/2"]
[EventDate "2023.03.29"]
[PlyCount "80"]

1. e4 e5 2. Nf3 Nc6 3. Bb5 a6 4. Ba4 Nf6 5. O-O Bc5 6. c3 b5 7. Bb3 d6 8. d4 Bb6
9. Be3 O-O 10. Nbd2 h6 11. h3 Re8 12. Bc2 exd4 13. cxd4 Ne7 14. a4 Bb7 15. Bd3 bxa4
16. Qxa4 Ng6 17. Qc2 Qe7 18. Rfe1 Nxe4 19. Bxh6 d5 20. Bg5 Qe6 21. Nb3 a5 22. Be3
Qf6 23. Nc5 Bxc5 24. dxc5 Nf4 25. Bxf4 Qxf4 26. c6 Ba6 27. Bxa6 Rxa6 28. b4 Qd6 29.
b5 Raa8 30. Ra4 Rab8 31. Rxa5 Ng5 32. Rxe8+ Rxe8 33. Nd2 Qb4 34. Ra1 Qxb5 35. h4
Ne4 36. Nxe4 dxe4 37. Re1 Qd5 38. Rd1 Qe5 39. Qd2 Re6 40. Qd8+ Re8  1/2-1/2

[Event "36th Reykjavik op"]
[Site "Reykjavik ISL"]
[Date "2023.04.01"]
[Round "6.5"]
[White "Livaic, Leon"]
[Black "Panchanathan, Magesh Chandran"]
[WhiteElo "2569"]
[BlackElo "2460"]
[Result "1-0"]
[EventDate "2023.03.29"]
[PlyCount "107"]

1. d4 Nf6 2. c4 e6 3. g3 d5 4. Bg2 Be7 5. Nf3 O-O 6. Nc3 dxc4 7. Ne5 Nc6 8. Bxc6
bxc6 9. Nxc6 Qe8 10. Nxe7+ Qxe7 11. Qa4 e5 12. dxe5 Qxe5 13. Qxc4 Re8 14. f3 Qa5
15. b4 Ba6 16. bxa5 Bxc4 17. e4 Rad8 18. Kf2 Rd3 19. Nd1 Red8 20. Be3 Ra3 21. Nb2
Bb5 22. Rhc1 c6 23. Rc2 h5 24. Bxa7 Ra8 25. Bb6 Nd7 26. Nd1 Ne5 27. Rc3 Ra4 28. Nb2
Rb4 29. Rb3 Rxb3 30. axb3 Nd7 31. Be3 c5 32. Ke1 Ne5 33. f4 Nf3+ 34. Kd1 Nxh2 35.
Bxc5 Nf1 36. Nc4 Nxg3 37. Nd6 Bc6 38. e5 Ne4 39. Nxe4 Bxe4 40. Bf2 Bd3 41. Kd2 Ba6
42. b4 Rd8+ 43. Kc2 Kf8 44. Kb3 Rd2 45. Bc5+ Ke8 46. Rh1 g6 47. f5 Re2 48. e6 Bb7
49. Rf1 fxe6 50. fxg6 Bd5+ 51. Kc3 Rg2 52. Rg1 Rxg1 53. Bxg1 e5 54. b5  1-0

[Event "36th Reykjavik op"]
[Site "Reykjavik ISL"]
[Date "2023.04.01"]
[Round "6.6"]
[White "Korley, Kassa"]
[Black "Cornette, Matthieu"]
[WhiteElo "2468"]
[BlackElo "2563"]
[Result "1/2-1/2"]
[EventDate "2023.03.29"]
[PlyCount "108"]

1. Nf3 c5 2. e3 d5 3. b3 Nf6 4. Bb2 e6 5. Be2 Nc6 6. O-O Bd6 7. d4 O-O 8. dxc5 Bxc5
9. Nbd2 Qe7 10. c4 Rd8 11. Qc2 b6 12. a3 a5 13. cxd5 exd5 14. Bb5 Na7 15. Bd3 h6
16. e4 Be6 17. exd5 Nxd5 18. Ne4 Rac8 19. Qd2 Nc6 20. Nxc5 bxc5 21. Rfe1 Nf4 22.
Qc3 Nd4 23. Bf1 Qb7 24. Nxd4 cxd4 25. Qd2 Qxb3 26. Bxd4 Qd5 27. Rad1 Qg5 28. Qe3
Bc4 29. g3 Bxf1 30. Rxf1 Ne6 31. Qxg5 hxg5 32. Bb6 Rxd1 33. Rxd1 a4 34. Ba5 g4 35.
Kg2 Rc2 36. Rd2 Rxd2 37. Bxd2 Nd4 38. h3 Nc2 39. Bc1 Ne1+ 40. Kh2 Nf3+ 41. Kg2 Ne1+
42. Kh2 Nd3 43. Be3 f5 44. hxg4 fxg4 45. Kg2 Kf7 46. Kf1 Ke6 47. Ke2 Ne5 48. Bc5
Kd5 49. Bf8 g6 50. Ke3 Kc4 51. Bg7 Nd3 52. Bf6 Ne1 53. Kf4 Nd3 54. Ke3 Ne1  1/2-1/2

[Event "36th Reykjavik op"]
[Site "Reykjavik ISL"]
[Date "2023.04.01"]
[Round "6.7"]
[White "Mardov, Dimitar"]
[Black "Pranav, V"]
[WhiteElo "2445"]
[BlackElo "2545"]
[Result "0-1"]
[EventDate "2023.03.29"]
[PlyCount "54"]

1. d4 Nf6 2. c4 e6 3. Nf3 b6 4. g3 Ba6 5. Nbd2 d5 6. Bg2 Be7 7. O-O O-O 8. Ne5 Bb7
9. b3 c5 10. dxc5 bxc5 11. Bb2 Na6 12. Nd3 Qb6 13. Re1 Rad8 14. cxd5 exd5 15. Rc1
Ne4 16. Qc2 c4 17. bxc4 Nb4 18. Qb3 Nxd2 19. Qc3 Qh6 20. Nxb4 d4 21. Qd3 Bxg2 22.
Nd5 Rxd5 23. cxd5 Be4 24. Qxd4 Bf6 25. Qb4 Qh3 26. f3 Bxf3 27. Kf2 Bg5  0-1

[Event "36th Reykjavik op"]
[Site "Reykjavik ISL"]
[Date "2023.04.01"]
[Round "6.8"]
[White "Dhulipalla, Bala Chandra Prasad"]
[Black "Papp, Gabor"]
[WhiteElo "2441"]
[BlackElo "2544"]
[Result "1/2-1/2"]
[EventDate "2023.03.29"]
[PlyCount "36"]

1. d4 Nf6 2. c4 e6 3. g3 d5 4. Bg2 Be7 5. Nf3 O-O 6. Qc2 c6 7. O-O b6 8. Nbd2 c5
9. e4 Nc6 10. dxc5 bxc5 11. exd5 exd5 12. cxd5 Nxd5 13. a3 Be6 14. Ne4 Bg4 15. h3
Bxf3 16. Bxf3 Nd4 17. Qd1 Nxf3+ 18. Qxf3 Qb6  1/2-1/2

[Event "36th Reykjavik op"]
[Site "Reykjavik ISL"]
[Date "2023.04.01"]
[Round "6.9"]
[White "Wadsworth, Matthew"]
[Black "Visakh, N. R."]
[WhiteElo "2439"]
[BlackElo "2538"]
[Result "1-0"]
[EventDate "2023.03.29"]
[PlyCount "95"]

1. Nf3 d5 2. g3 g6 3. Bg2 Bg7 4. O-O e5 5. d3 Ne7 6. e4 O-O 7. b4 a6 8. a4 Re8 9.
Nbd2 Nbc6 10. Ba3 dxe4 11. dxe4 Nd4 12. Nxd4 exd4 13. Nb3 Nc6 14. f4 Be6 15. Nc5
Bc4 16. e5 Qc8 17. Re1 Rd8 18. Rb1 Rb8 19. b5 axb5 20. axb5 Na7 21. Bf1 d3 22. cxd3
Bxb5 23. e6 Be8 24. Bh3 f5 25. Qb3 Kh8 26. e7 Rd6 27. Ne6 Rb6 28. Qa2 Bc3 29. Bb2
Rxb2 30. Rxb2 Nc6 31. Rc2 Ra8 32. Qb3 Bf6 33. Bg2 Ra6 34. Rcc1 Rb6 35. Qa2 Qd7 36.
Bxc6 Rxc6 37. Rxc6 Qxc6 38. Qc4 Qb6+ 39. Kg2 Qb2+ 40. Kh3 Qf2 41. Qc1 h6 42. Qe3
Qb2 43. Nxc7 g5 44. Qe2 Qb6 45. Nd5 g4+ 46. Kg2 Qd6 47. Nxf6 Qxf6 48. Qe5  1-0

[Event "36th Reykjavik op"]
[Site "Reykjavik ISL"]
[Date "2023.04.01"]
[Round "6.10"]
[White "Sidhant, Mohapatra"]
[Black "Lie, Kjetil"]
[WhiteElo "2376"]
[BlackElo "2515"]
[Result "1/2-1/2"]
[EventDate "2023.03.29"]
[PlyCount "106"]

1. d4 d5 2. c4 dxc4 3. Nf3 Nf6 4. e3 b5 5. a4 b4 6. Bxc4 e6 7. O-O Be7 8. Nbd2 O-O
9. Qe2 Bb7 10. a5 a6 11. e4 Nbd7 12. e5 Nd5 13. Ne4 c5 14. dxc5 Nxc5 15. Nxc5 Bxc5
16. Bd3 Be7 17. Qe4 g6 18. Bh6 Re8 19. Rfd1 Bf8 20. Bxf8 Rxf8 21. Qg4 f5 22. exf6
Qxf6 23. Be4 Rac8 24. Rac1 Rxc1 25. Rxc1 Nf4 26. Re1 Bxe4 27. Rxe4 Qxb2 28. Re1 Rf5
29. Rd1 Qf6 30. Kh1 h5 31. Qg3 Rxa5 32. h4 Ra1 33. Rxa1 Qxa1+ 34. Kh2 Qf6 35. Ng5
Qf5 36. Qe3 Nd3 37. Qa7 Qf4+ 38. Kg1 Qc1+ 39. Kh2 Qf4+ 40. Kg1 Qxf2+ 41. Qxf2 Nxf2
42. Kxf2 b3 43. Ne4 b2 44. Nc3 Kf7 45. Ke3 Kf6 46. Ke4 e5 47. Nb1 a5 48. Nc3 a4 49.
Nb1 g5 50. g3 g4 51. Kd5 Kf5 52. Na3 Kf6 53. Nb1 Kf5  1/2-1/2

[Event "36th Reykjavik op"]
[Site "Reykjavik ISL"]
[Date "2023.04.01"]
[Round "6.11"]
[White "Mons, Leon"]
[Black "Adams, Henry"]
[WhiteElo "2514"]
[BlackElo "1859"]
[Result "1-0"]
[EventDate "2023.03.29"]
[PlyCount "63"]

1. Nf3 Nf6 2. g3 e6 3. Bg2 Be7 4. O-O O-O 5. c4 d5 6. b3 b6 7. Bb2 Bb7 8. e3 Nbd7
9. Qe2 Rc8 10. d3 c5 11. Nc3 Qc7 12. Ne1 Rfd8 13. f4 Nf8 14. Nb5 Qd7 15. Nxa7 Ra8
16. Nb5 Bc6 17. Nc3 b5 18. Nf3 b4 19. Ne5 Qc7 20. Nxc6 Qxc6 21. Nb5 Rd7 22. a4 bxa3
23. Bxa3 Qb6 24. Bxc5 Bxc5 25. Rxa8 Bxe3+ 26. Kh1 h5 27. h3 Bc5 28. Rfa1 Bf2 29.
R8a6 Qe3 30. Qxe3 Bxe3 31. d4 h4 32. c5  1-0

[Event "36th Reykjavik op"]
[Site "Reykjavik ISL"]
[Date "2023.04.01"]
[Round "6.12"]
[White "Banusz, Tamas"]
[Black "Kusa, Jakub"]
[WhiteElo "2616"]
[BlackElo "2373"]
[Result "1-0"]
[EventDate "2023.03.29"]
[PlyCount "135"]

1. Nf3 d5 2. g3 e6 3. Bg2 c5 4. O-O Nf6 5. d4 cxd4 6. Nxd4 e5 7. Nb3 Be6 8. Nc3 Be7
9. f4 exf4 10. gxf4 g6 11. Kh1 Nc6 12. Be3 O-O 13. Nd4 Nxd4 14. Bxd4 Qd7 15. Qe1
Ne4 16. Rd1 f5 17. Nxe4 fxe4 18. Qg3 Qc6 19. Rd2 Bf6 20. Bxf6 Rxf6 21. c3 Raf8 22.
e3 b5 23. Rg1 Rf5 24. Bf1 a6 25. a3 Kh8 26. h4 Qd7 27. Rh2 Qe7 28. Qe1 Rg8 29. Qd2
Rgf8 30. Be2 Qc5 31. Bg4 R5f6 32. Bxe6 Rxe6 33. h5 Rff6 34. Rg5 Qc4 35. Kg1 Rf5 36.
Rhg2 Ref6 37. Rxf5 gxf5 38. Qe1 Qc7 39. Qd1 Qc5 40. Kf2 h6 41. b4 Qc4 42. Qg1 Qa2+
43. Kg3 Qc4 44. Kh2 Qc8 45. Qa1 Qc4 46. a4 bxa4 47. Qxa4 Qb5 48. Qa1 Qe8 49. Qd1
Kh7 50. Rd2 Rd6 51. Rd4 Rd7 52. c4 Qe7 53. Kh3 Qxb4 54. Rxd5 Rg7 55. Qc1 Qb3 56.
Rd1 Qb7 57. Rg1 Rxg1 58. Qxg1 Qf7 59. Qd1 Qxc4 60. Qd7+ Kh8 61. Qe8+ Qg8 62. Qe5+
Qg7 63. Qxf5 Qe7 64. Qc8+ Kg7 65. Qxa6 Qd7+ 66. Kg3 Qf5 67. Qa1+ Kf7 68. Qe5  1-0

[Event "36th Reykjavik op"]
[Site "Reykjavik ISL"]
[Date "2023.04.01"]
[Round "6.13"]
[White "Fier, Alexandr"]
[Black "Willemze, Thomas"]
[WhiteElo "2606"]
[BlackElo "2364"]
[Result "1-0"]
[EventDate "2023.03.29"]
[PlyCount "79"]

1. e4 c6 2. d4 d5 3. e5 c5 4. Nf3 Bg4 5. dxc5 Nc6 6. c3 a6 7. Be2 e6 8. b4 Nge7 9.
Nbd2 Ng6 10. O-O Be7 11. Re1 O-O 12. a3 f6 13. Bb2 fxe5 14. Nxe5 Ncxe5 15. Bxg4 Nd3
16. Bxe6+ Kh8 17. Qc2 Ngf4 18. Re3 Rf6 19. Rxd3 Nxd3 20. Qxd3 Rxe6 21. Rd1 Bf6 22.
Nf1 Qe8 23. Ne3 Rd8 24. Kf1 Qa4 25. g3 h6 26. h4 Ree8 27. Rd2 Qd7 28. Kg2 Qc6 29.
Nxd5 Re1 30. c4 Bxb2 31. Rxb2 Qe6 32. Qf3 Qe5 33. Rd2 Qe4 34. Qxe4 Rxe4 35. Rc2 g5
36. hxg5 hxg5 37. Kf3 Re5 38. Kg4 Kg7 39. f3 Rh8 40. Rd2  1-0

[Event "36th Reykjavik op"]
[Site "Reykjavik ISL"]
[Date "2023.04.01"]
[Round "6.14"]
[White "Colpe, Malte"]
[Black "Dziuba, Marcin"]
[WhiteElo "2356"]
[BlackElo "2554"]
[Result "1/2-1/2"]
[EventDate "2023.03.29"]
[PlyCount "120"]

1. e4 c6 2. Nf3 d5 3. d3 dxe4 4. dxe4 Qxd1+ 5. Kxd1 Nd7 6. Ne1 g6 7. f3 f5 8. Nd2
Ngf6 9. Nd3 fxe4 10. Nxe4 Nxe4 11. fxe4 Bg7 12. Be2 a5 13. a4 b6 14. c3 Bb7 15. Kc2
c5 16. Bf3 O-O 17. Be3 c4 18. Nf4 Ne5 19. Rhf1 Nxf3 20. gxf3 Bh6 21. Nd5 Bxe3 22.
Nxe3 Rxf3 23. Rxf3 Bxe4+ 24. Kd2 Bxf3 25. Nxc4 Rb8 26. Ne5 Bd5 27. c4 Be6 28. Kc3
Rc8 29. Re1 Kg7 30. b3 Kf6 31. Nd3 g5 32. Re5 Bd7 33. Re2 h5 34. b4 axb4+ 35. Kxb4
Bf5 36. Rf2 h4 37. c5 bxc5+ 38. Nxc5 g4 39. a5 Kg5 40. Re2 Re8 41. a6 e5 42. a7 Ra8
43. Ra2 g3 44. hxg3 hxg3 45. Kb5 Bg4 46. Nd3 Be6 47. Ra1 e4 48. Nc5 Bd5 49. Rd1 Rxa7
50. Rxd5 Kf4 51. Ne6+ Kf3 52. Rf5+ Ke2 53. Nf4+ Ke3 54. Ng2+ Kd4 55. Rg5 Ra3 56.
Kb4 Rd3 57. Nf4 Rf3 58. Ne2 Ke3 59. Nxg3 Kf4 60. Nxe4 Kxe4  1/2-1/2